Globalizácia verzus škola

Proces globalizácie postupne prerastajúci i do ostatných spoločenských sfér. Zvlášť výrazne zasahuje hlavne oblasť získavania nových informácií, alebo vedomostí v čase prípravy na povolanie, ale aj v období výkonu práce. Rozvoj informatickej spoločnosti je podmienený intenzívnym využívaním nových po...

ver descrição completa

Na minha lista:
Detalhes bibliográficos
Autor principal: Holkovič, Ľubomír
Formato: Capítulo de Livro
Idioma:eslovaco
Assuntos:
Tags: Adicionar Tag
Sem tags, seja o primeiro a adicionar uma tag!

MARC

LEADER 00000naa$a2200000$$$4500
001 0041908
005 20231013113306.8
041 0 |a slo 
044 |a SK 
245 1 0 |a Globalizácia verzus škola  |c Ľubomír Holkovič 
520 |a Proces globalizácie postupne prerastajúci i do ostatných spoločenských sfér. Zvlášť výrazne zasahuje hlavne oblasť získavania nových informácií, alebo vedomostí v čase prípravy na povolanie, ale aj v období výkonu práce. Rozvoj informatickej spoločnosti je podmienený intenzívnym využívaním nových poznatkov v praxi. Charakteristika tohto stavu podľa stúpencov A. Tofflera. Zmena základných funkcií školy v informatickej spoločnosti. Celoživotné vzdelávanie a výchova ako najvyššia priorita. Škola v globalizovanej spoločnosti. 
610 2 0 |a globalizácia 
610 2 0 |a školy 
610 2 0 |a vedomosti 
610 2 0 |a spoločnosť informačná 
610 2 0 |a spoločnosť globálna 
100 1 |a Holkovič, Ľubomír